000 00999nam a22003017a 4500
001 7463
003 FISKH
005 20250717150811.0
008 250717b cb ||||| |||| 00| 0 eng d
020 _a0670866644
040 _aFISKH
_beng
_cFISKH
_dFISKH
050 _aPZ7.B9836 M
082 _a014
100 _aByars, Betsy
245 _aMy brother, ant /
_cby Betsy Byars : illustrations by Marc Simont
250 _aFirst published in 1996
260 _aNew York :
_bViking ,
_c1996.
300 _a31 pages :
_bcolor illustrations ;
_c23 cm.
490 _aAnt - Byars
_v1
505 _aF
520 _aIn four separate stories, Ant's older brother gets rid of the monster under Ant's bed, forgives Ant for drawing on his homework, tries to read a story, and helps Ant writes a letter to Santa.
521 8 _a360
_bLexile
521 8 _aF
_bRaz-Plus
650 _aBrothers
_vFiction
700 _aSimont, Marc
_eIllustrator
942 _2ddc
_cBK
_n0
999 _c7463
_d7463